ნორმალური ფორმატი
MARC ფორმატი
ჩანაწერი Corporate Name
ჩანაწერთა რაოდენობა, რომელიც გამოყენებულია: 1
001 - CONTROL NUMBER
- control field: 19915
003 - CONTROL NUMBER IDENTIFIER
- control field: GE_BSU
005 - DATE AND TIME OF LATEST TRANSACTION
- control field: 20230925153132.0
008 - FIXED-LENGTH DATA ELEMENTS
- fixed length control field: 230925|| aca||aabn | a|a d
040 ## - CATALOGING SOURCE
- Original cataloging agency: GE_BSU
- Transcribing agency: GE_BSU
110 ## - HEADING--CORPORATE NAME
- Corporate name or jurisdiction name as entry element: საქ. მეცნ. ეროვნ. აკად. ისტ., არქეოლ. და ეთნოლ. კომისია.
- Subordinate unit: ისტ. ეთნოლ., რელიგიის შესწავლისა და პროპაგანდის სამეცნ. ცენტრი
670 ## - SOURCE DATA FOUND
- Source citation: Work cat.: (GE_BSU): ვიტსენი, ნიკოლას 19910, Noord en Oost Tartarye : Georgia of Iberia en Mengrelia = ჩრდილოეთი და აღმოსავლეთი ტარტარეთი :
